000
00287nam a2200133Ia 4500
100
_a
Raven/Francis H
942
_c
BK
654
_a
automatic
245
_a
Automatic control Engg
260
_b
Mc Graw Hill
_a
Bombay
_c
1995
082
_a
629.8
_b
RAV
300
_a
619
546
_a
ENGLISH
999
_c
23807
_d
23807